00444nam a2200181 a 450000100060000000300090000600800410001504000280005608200190008410000240010324500170012725000060014426000420015030000110019249000210020365000160022465000220024011201CO-ViMGA141112s2004 ck r 000 u spa d aCO-ViMGAbspacCO-ViMGA04aCo861.08 L47a41 aEchavarria, Rogelio10aLira de amor a1 aColombia, cPinter Colombiana, c1990 a161 p. aclasicos planeta14aCOLECCIONES14aPOESIA COLOMBIANA